| 000 | 00593nam a22002177a 4500 | ||
|---|---|---|---|
| 008 | 150925b xxu||||| |||| 00| 0 eng d | ||
| 020 | _a9780073530222 | ||
| 020 | _a0073530220 (alk. paper) | ||
| 041 | 0 | _aeng | |
| 080 | _a658 | ||
| 100 | 1 | _aJones, Gareth R. | |
| 245 | 1 | 0 |
_aContemporary management / _cGareth R. Jones, Jennifer M. George. |
| 250 | _a5th ed. | ||
| 260 |
_aBoston : _bMcGraw-Hill/Irwin, _c2008. |
||
| 300 |
_axxxiii, 805 f. : _bme il.; _c27 cm. |
||
| 650 | 0 | _aMenaxhim | |
| 650 | 0 | _aOrganizim | |
| 650 | 0 | _aUdhëheqje | |
| 700 | 1 | _aGeorge, Jennifer M. | |
| 942 |
_2udc _cBK |
||
| 999 |
_c1180 _d1180 |
||